Úton a megoldás felé – Kihívások és motivációk az utazási irodai munkaerő gazdálkodásban
| Main Author: | |
|---|---|
| Other Authors: | |
| Format: | Thesis |
| Kulcsszavak: | anyagi ösztönzés elismerés motiváció turizmus utazási irodák |
| Online Access: | http://dolgozattar.uni-bge.hu/59426 |
MARC
| LEADER | 00000nta a2200000 i 4500 | ||
|---|---|---|---|
| 001 | dolg59426 | ||
| 005 | 20260207095403.0 | ||
| 008 | 260207suuuu hu om 000 hun d | ||
| 040 | |a BGE Dolgozattár Repozitórium |b hun | ||
| 041 | |a hu | ||
| 100 | 1 | |a Dobosi Kíra | |
| 245 | 1 | 0 | |a Úton a megoldás felé – Kihívások és motivációk az utazási irodai munkaerő gazdálkodásban |c Dobosi Kíra |h [elektronikus dokumentum] |
| 520 | 3 | |a Aszakdolgozatom célja az utazási irodákban dolgozó munkavállalók motivációs tényezőinek, elégedettségének és hosszú távú elköteleződésének vizsgálata. A kutatás egy kvantitatív, online kérdőíves felmérésre épült, amelyben 60 turisztikai szakember vett részt. A dolgozatom bemutatja a magyar turizmus munkaerőpiaci sajátosságait, a bérezési és digitalizációs kihívásokat, valamint a motivációs elméletek gyakorlati alkalmazását. A kutatás eredményei alapján a legerősebb megtartó erőt a támogató munkahelyi közeg és a csapatmunka jelenti, ugyanakkor a bérezés és az előrelépési lehetőségek hiánya továbbra is kritikus tényező. A study tour-ok kiemelt szerepet játszanak a szakmai fejlődésben és a motiváció erősítésében. A kutatás rávilágít, hogy az utazási irodák versenyképességének fenntartásához elengedhetetlen a vezetői támogatás fejlesztése, a visszajelzési rendszer erősítése és a munkavállalók szakmai megbecsülésének növelése. Az eredmények hozzájárulnak a humánerőforrás-gazdálkodás hatékonyabb működéséhez a turizmus szektorán belül. | |
| 695 | |a anyagi ösztönzés | ||
| 695 | |a elismerés | ||
| 695 | |a motiváció | ||
| 695 | |a turizmus | ||
| 695 | |a utazási irodák | ||
| 700 | 1 | |a Kálmán István |e ths | |
| 856 | 4 | 0 | |u http://dolgozattar.uni-bge.hu/59426/1/Szakdolgozat%20Dobosi%20K%C3%ADra%202025.%20BGE.pdf |z Dokumentum-elérés |
| 856 | 4 | 0 | |u http://dolgozattar.uni-bge.hu/59426/2/biralatilap_alap_mester%20Dobosi.pdf |z Dokumentum-elérés |